[Event "Johannesburg PSS Prestige op"]
[Site "Johannesburg"]
[Date "2017.04.23"]
[Round "8"]
[White "Bornheim, Craig"]
[Black "Klaver, Cornelis"]
[Result "1-0"]
[WhiteElo "1968"]
[BlackElo "2117"]
[PlyCount "69"]
[EventDate "2017.04.22"]
[EventType "swiss (rapid)"]
[EventRounds "10"]
[EventCountry "RSA"]
[SourceTitle "CBM 177 Extra"]
[Source "ChessBase"]
[SourceDate "2017.04.27"]
[SourceVersion "1"]
[SourceVersionDate "2017.04.27"]
[SourceQuality "1"]

1. d4 e6 2. c4 f5 3. g3 Nf6 4. Bg2 d5 5. Nf3 c6 6. 0-0 Bd6 7. b3 0-0 8. Ba3 Bxa3 9. Nxa3 Qd6 10. Nc2 Nbd7 11. Nce1 b6 12. Nd3 Ba6 13. Rc1 Rac8 14. Re1 Rfd8 15. Nfe5 c5 16. cxd5 exd5 17. dxc5 Nxc5 18. Qd2 Nfe4 19. Qb2 d4 20. Nxc5 bxc5 21. Nc4 Bxc4 22. Rxc4 Nc3 23. Qa3 Re8 24. Bf3 Ne4 25. Rd1 Qb6 26. b4 Qb5 27. Qb3 Nc3 28. Rxc3+ Kh8 29. Rxc5 Rxc5 30. bxc5 Qxc5 31. Qd5 Qc2 32. Rxd4 h6 33. Qf7 Rb8 34. Rd7 Qc3 35. Qxf5 1-0

[Event "Johannesburg PSS Prestige op"]
[Site "Johannesburg"]
[Date "2017.04.22"]
[Round "2"]
[White "Jere, Daniel"]
[Black "Klaver, Cornelis"]
[Result "1-0"]
[WhiteElo "2384"]
[BlackElo "2117"]
[PlyCount "121"]
[EventDate "2017.04.22"]
[EventType "swiss (rapid)"]
[EventRounds "10"]
[EventCountry "RSA"]
[SourceTitle "CBM 177 Extra"]
[Source "ChessBase"]
[SourceDate "2017.04.27"]
[SourceVersion "1"]
[SourceVersionDate "2017.04.27"]
[SourceQuality "1"]

1. c4 f5 2. g3 g6 3. Bg2 Bg7 4. Nc3 Nf6 5. d3 0-0 6. e4 Nc6 7. Nge2 a6 8. 0-0 d6 9. Rb1 e5 10. Nd5 Ne7 11. Be3 Nexd5 12. cxd5 Ng4 13. Bd2 f4 14. f3 Ne3 15. Bxe3 fxe3 16. Qb3 Kh8 17. Rbc1 g5 18. g4 h5 19. h3 h4 20. Rc3 Rf7 21. Qc2 c6 22. dxc6 bxc6 23. Rxc6 Bb7 24. Rc3 d5 25. Rc1 d4 26. Rc7 Rxc7 27. Qxc7 Qxc7 28. Rxc7 Rb8 29. Bf1 Kg8 30. Nc1 Rc8 31. Rxc8+ Bxc8 32. Be2 Be6 33. Bd1 Bf8 34. a3 Bc5 35. Kf1 Kf7 36. b4 Bb6 37. Bb3 Bxb3 38. Nxb3 Ke7 39. Ke2 Kd7 40. Kd1 Kc6 41. a4 Ba7 42. Kc2 Bb6 43. Nc1 a5 44. Kb3 axb4 45. Kxb4 Bc5+ 46. Kc4 Ba3 47. Ne2 Bd6 48. a5 Bc7 49. Kb4 Bd6+ 50. Kc4 Bc7 51. Kb4 Bd6+ 52. Ka4 Bc7 53. Ng1 Bd6 54. f4 exf4 55. Nf3 Kc5 56. Nxg5 e2 57. Nf3 Be7 58. e5 Kd5 59. Kb5 Ba3 60. a6 Bc5 61. e6 1-0

[Event "Johannesburg PSS Prestige op"]
[Site "Johannesburg"]
[Date "2017.04.22"]
[Round "5"]
[White "Klaver, Cornelis"]
[Black "Mabusela, Johannes Manyedi"]
[Result "0-1"]
[WhiteElo "2117"]
[BlackElo "2250"]
[PlyCount "132"]
[EventDate "2017.04.22"]
[EventType "swiss (rapid)"]
[EventRounds "10"]
[EventCountry "RSA"]
[SourceTitle "CBM 177 Extra"]
[Source "ChessBase"]
[SourceDate "2017.04.27"]
[SourceVersion "1"]
[SourceVersionDate "2017.04.27"]
[SourceQuality "1"]

1. d4 Nf6 2. Nf3 c5 3. e3 d5 4. c3 cxd4 5. exd4 Nc6 6. Bd3 Bg4 7. h3 Bh5 8. 0-0 e6 9. Bg5 Bd6 10. Nbd2 0-0 11. Re1 Bg6 12. Bxg6 hxg6 13. Ne5 Qc7 14. f4 b5 15. a3 Na5 16. g3 Nc4 17. Bxf6 gxf6 18. Nd3 Nxb2 19. Nxb2 Qxc3 20. Nf3 Qxb2 21. Re3 Rac8 22. Rb3 Qc2 23. Rxb5 Qe4 24. Rb2 Rc3 25. Kg2 Rfc8 26. Rf2 Rd3 27. Qf1 Rcc3 28. Re1 Qf5 29. a4 Bc7 30. Rc1 Bb6 31. Rxc3 Rxc3 32. Qb5 Qd3 33. Qxd3 Rxd3 34. Rb2 Bxd4 35. Nxd4 Rxd4 36. a5 Ra4 37. Rb5 a6 38. Rc5 Ra2+ 39. Kf3 Ra3+ 40. Kf2 g5 41. f5 Kf8 42. fxe6 fxe6 43. Rc6 Rxa5 44. Rxe6 Kf7 45. Rd6 Ke7 46. Rb6 Ra3 47. h4 gxh4 48. gxh4 a5 49. h5 Rh3 50. Rb5 Rxh5 51. Rxa5 Ke6 52. Kf3 Ke5 53. Ra8 Rh3+ 54. Ke2 f5 55. Re8+ Kd4 56. Rf8 Re3+ 57. Kd2 Re5 58. Rf7 Ke4 59. Rf8 f4 60. Ke2 d4 61. Rf7 d3+ 62. Kd2 f3 63. Rf8 Ra5 64. Re8+ Kf4 65. Kxd3 Rd5+ 66. Kc2 f2 0-1

[Event "Johannesburg PSS Prestige op"]
[Site "Johannesburg"]
[Date "2017.04.22"]
[Round "1"]
[White "Klaver, Cornelis"]
[Black "Tembo, Epah"]
[Result "1-0"]
[WhiteElo "2117"]
[BlackElo "1819"]
[PlyCount "79"]
[EventDate "2017.04.22"]
[EventType "swiss (rapid)"]
[EventRounds "10"]
[EventCountry "RSA"]
[SourceTitle "CBM 177 Extra"]
[Source "ChessBase"]
[SourceDate "2017.04.27"]
[SourceVersion "1"]
[SourceVersionDate "2017.04.27"]
[SourceQuality "1"]

1. Nf3 e6 2. b3 d5 3. Bb2 c5 4. e3 Nc6 5. d4 Nf6 6. a3 a5 7. Bd3 Bd7 8. 0-0 b6 9. Nbd2 g6 10. c4 Bg7 11. Rc1 cxd4 12. exd4 0-0 13. Ne5 Nxe5 14. dxe5 Ne8 15. Qe2 Nc7 16. Rfd1 Rb8 17. a4 Na6 18. cxd5 Nc5 19. d6 Nxd3 20. Qxd3 f6 21. exf6 Bxf6 22. Bxf6 Qxf6 23. Ne4 Qf4 24. Rc7 Rbd8 25. f3 Rf5 26. Qd4 Rd5 27. Nf6+ Qxf6 28. Qxf6 Rxd1+ 29. Kf2 Rf8 30. Qc3 Rxd6 31. g4 Rd5 32. Qe3 e5 33. h3 b5 34. axb5 Rd6 35. Qxe5 Rdf6 36. Rxd7 Rxf3+ 37. Ke2 Rf2+ 38. Kd3 R8f3+ 39. Kc4 Rc2+ 40. Kd5 1-0